| 000 | 00727nam a2200253Ia 4500 | ||
|---|---|---|---|
| 003 | OSt | ||
| 005 | 20220918163235.0 | ||
| 006 | a|||||r|||| 00| 0 | ||
| 007 | ta | ||
| 008 | 220917b |||||||| |||| 00| 0 eng d | ||
| 020 | _a0 435 18462 8 | ||
| 024 | _a33,615 | ||
| 037 | _cTextual | ||
| 040 |
_aARTS _cARTS _beng |
||
| 041 |
_2eng _aeng |
||
| 082 | _aO111,2J64:gJ, L1 | ||
| 100 |
_aHussey Maurice _912243 |
||
| 245 | 0 |
_aWorld of Shakespeare and his contemporaries _b A visual approach |
|
| 260 |
_aLondon _bHeinemann UK _c1971 |
||
| 300 |
_a136p. _ccm. |
||
| 650 |
_aENGLISH LITERATURE; ENGLISH DRAMA _912244 |
||
| 942 |
_hO111,2J64:gJ, L1 _cTEXL _2CC |
||
| 999 |
_c118679 _d118679 |
||